MARC details
| 000 -LEADER |
| fixed length control field |
04030nam a22005298i 4500 |
| 001 - CONTROL NUMBER |
| control field |
BDZ0056482326 |
| 003 - CONTROL NUMBER IDENTIFIER |
| control field |
StDuBDS |
| 005 - DATE AND TIME OF LATEST TRANSACTION |
| control field |
20250318131741.0 |
| 006 - FIXED-LENGTH DATA ELEMENTS--ADDITIONAL MATERIAL CHARACTERISTICS |
| fixed length control field |
m|||||o||d|||||||| |
| 007 - PHYSICAL DESCRIPTION FIXED FIELD--GENERAL INFORMATION |
| fixed length control field |
cr ||||||||||| |
| 008 - FIXED-LENGTH DATA ELEMENTS--GENERAL INFORMATION |
| fixed length control field |
241207s2024 enk fo 000|0 eng|d |
| 020 ## - INTERNATIONAL STANDARD BOOK NUMBER |
| International Standard Book Number |
9781035302680 (PDF ebook) : |
| Terms of availability |
182.00 |
| 040 ## - CATALOGING SOURCE |
| Original cataloging agency |
StDuBDS |
| Language of cataloging |
eng |
| Description conventions |
rda |
| -- |
pn |
| Transcribing agency |
StDuBDS |
| Modifying agency |
StDuBDSZ |
| 050 #4 - LIBRARY OF CONGRESS CALL NUMBER |
| Classification number |
N8602 |
| Item number |
.B3 2024 |
| 072 #7 - SUBJECT CATEGORY CODE |
| Subject category code |
IND |
| Source |
ukslc |
| 072 #7 - SUBJECT CATEGORY CODE |
| Subject category code |
KN |
| Source |
bicssc |
| 072 #7 - SUBJECT CATEGORY CODE |
| Subject category code |
LBBM |
| Source |
bicssc |
| 072 #7 - SUBJECT CATEGORY CODE |
| Subject category code |
LNR |
| Source |
bicssc |
| 072 #7 - SUBJECT CATEGORY CODE |
| Subject category code |
LNRC |
| Source |
bicssc |
| 072 #7 - SUBJECT CATEGORY CODE |
| Subject category code |
KN |
| Source |
thema |
| 072 #7 - SUBJECT CATEGORY CODE |
| Subject category code |
LBBM |
| Source |
thema |
| 072 #7 - SUBJECT CATEGORY CODE |
| Subject category code |
LNR |
| Source |
thema |
| 072 #7 - SUBJECT CATEGORY CODE |
| Subject category code |
LNRC |
| Source |
thema |
| 082 04 - DEWEY DECIMAL CLASSIFICATION NUMBER |
| Classification number |
338.437 |
| Edition number |
23 |
| 100 1# - MAIN ENTRY--PERSONAL NAME |
| Personal name |
Bandle, Anne Laure, |
| Relator term |
author. |
| 245 14 - TITLE STATEMENT |
| Title |
The sale of misattributed artworks and antiques at auction |
| Statement of responsibility, etc. |
Anne L. Bandle. |
| Medium |
[electronic resource] / |
| 264 #1 - PRODUCTION, PUBLICATION, DISTRIBUTION, MANUFACTURE, AND COPYRIGHT NOTICE |
| Place of production, publication, distribution, manufacture |
Cheltenham : |
| Name of producer, publisher, distributor, manufacturer |
Edward Elgar Publishing, |
| Date of production, publication, distribution, manufacture, or copyright notice |
2024. |
| 300 ## - PHYSICAL DESCRIPTION |
| Extent |
1 online resource (450 pages). |
| 336 ## - CONTENT TYPE |
| Content type term |
text |
| Source |
rdacontent |
| 337 ## - MEDIA TYPE |
| Media type term |
computer |
| Source |
rdamedia |
| 338 ## - CARRIER TYPE |
| Carrier type term |
online resource |
| Source |
rdacarrier |
| 366 ## - TRADE AVAILABILITY INFORMATION |
| Detailed date of publication |
20241122 |
| Availability status code |
Available |
| 490 1# - SERIES STATEMENT |
| Series statement |
Elgar commercial law and practice |
| 505 0# - FORMATTED CONTENTS NOTE |
| Formatted contents note |
Contents -- Foreword by Pierre Tercier -- I Introduction: problem statement and objectives of this book -- PART I CREATION OF SLEEPERS AT AUCTION -- Introduction to Part I -- 1 Notion of "sleeper" -- 2 Process of attribution of artworks and antiques -- 3 Interim conclusion -- PART II ANALYSIS OF THE CURRENT LEGAL REGIME IN SLEEPER DISPUTES -- Introduction to Part II -- 4 Interests and expectations in sleeper cases -- 5 Current regime governing the auctioneer's liability -- 6 Interim conclusion -- PART III COMPARATIVE AND CRITICAL ASSESSMENT -- Introduction to Part III -- 7 Comparative analysis -- 8 Critical assessment -- 9 Interim conclusion -- PART IV FUTURE PERSPECTIVES: MARKET REGULATION - NEW -- TRADING PRACTICES -- Introduction to Part IV -- 10 Authenticity guarantee to consignors -- 11 Alternative means of dispute resolution -- 12 Conclusions -- References -- Appendix 1: model terms -- Appendix 2: illustrations of sleepers |
| 520 8# - SUMMARY, ETC. |
| Summary, etc. |
In this thoroughly revised second edition, Anne Laure Bandle explores the process of attribution of artworks and antiques at auction and the commercial directive of auction houses when authenticating art and protecting themselves against misattributions. Bandle provides an extensive study of the phenomenon of `sleepers' through an in-depth analysis of the contractual relationships, liabilities and remedies that arise in the context of auction sales.Key Features:Proposes new avenues to improve current auction practices and the dispute resolution processDiscusses updates in case law and legislation, including consumer protection laws and procedural lawsNew section dedicated to price guarantees arranged by auction houses, some of which are backed by third partiesExamination of the consequences of the currently applicable legal regime for the consignor, the auction house, the courts and the marketplaceComparative analysis of the law governing auctioneer's liability in Europe and North America, establishing the risks and drawbacks of the existing regimeThe Sale of Misattributed Artworks and Antiques at Auction continues to be a fundamental resource for legal practitioners, auction houses, art dealers, authenticators, the judiciary and the insurance industry. Students and academics of art law and commercial law will also find this to be an indispensable reference. |
| 588 ## - SOURCE OF DESCRIPTION NOTE |
| Source of description note |
Description based on CIP data; resource not viewed. |
| 650 #0 - SUBJECT ADDED ENTRY--TOPICAL TERM |
| Topical term or geographic name entry element |
Art auctions |
| 650 #0 - SUBJECT ADDED ENTRY--TOPICAL TERM |
| Topical term or geographic name entry element |
Antique auctions |
| 650 #0 - SUBJECT ADDED ENTRY--TOPICAL TERM |
| Topical term or geographic name entry element |
Arts |
| 650 #0 - SUBJECT ADDED ENTRY--TOPICAL TERM |
| Topical term or geographic name entry element |
Antiques |
| 650 #7 - SUBJECT ADDED ENTRY--TOPICAL TERM |
| Topical term or geographic name entry element |
Intellectual property law |
| 650 #7 - SUBJECT ADDED ENTRY--TOPICAL TERM |
| Topical term or geographic name entry element |
Copyright law |
| 776 08 - ADDITIONAL PHYSICAL FORM ENTRY |
| Relationship information |
Print version : |
| International Standard Book Number |
9781035302673 |
| 830 #0 - SERIES ADDED ENTRY--UNIFORM TITLE |
| Uniform title |
Elgar commercial law and practice. |
| 856 40 - ELECTRONIC LOCATION AND ACCESS |
| Uniform Resource Identifier |
<a href="https://www.vlebooks.com/product/openreader?id=RICS&accId=9491556&isbn=9781035302680">https://www.vlebooks.com/product/openreader?id=RICS&accId=9491556&isbn=9781035302680</a> |
| Public note |
Available on VLeBooks (email [email protected] if you do not have a login) |
| 942 ## - ADDED ENTRY ELEMENTS (KOHA) |
| Source of classification or shelving scheme |
Dewey Decimal Classification |